[Event "Hamedan op 17th"]
[Site "Hamedan"]
[Date "2018.08.10"]
[Round "3"]
[White "Khamisi, S Jafar"]
[Black "Khodabandeh, Milad"]
[Result "1/2-1/2"]
[WhiteElo "2219"]
[BlackElo "1938"]
[PlyCount "48"]
[EventDate "2018.08.09"]
[EventType "swiss"]
[EventRounds "11"]
[EventCountry "IRI"]
[SourceTitle "CBM 186 Extra"]
[Source "ChessBase"]
[SourceDate "2018.08.24"]
[SourceVersion "1"]
[SourceVersionDate "2018.08.24"]
[SourceQuality "1"]

1. e4 e5 2. Nf3 Nc6 3. Bb5 a6 4. Ba4 Nf6 5. d3 b5 6. Bb3 Bc5 7. a4 Rb8 8. axb5 axb5 9. Nc3 d6 10. h3 h6 11. Ne2 d5 12. exd5 Nxd5 13. 0-0 0-0 14. Ng3 Re8 15. Ne4 Be7 16. Re1 Be6 17. Ng3 Bd6 18. Bd2 Kh7 19. Ne4 Be7 20. Ra6 Qd7 21. Ng3 Bd6 22. Ne4 Be7 23. Nc3 Bf6 24. Ne4 Be7 1/2-1/2

[Event "Bandar e Anzali Khazar Cup 16th"]
[Site "Bandar e Anzali"]
[Date "2018.02.27"]
[Round "1"]
[White "Volkov, Sergey"]
[Black "Khamisi, S Jafar"]
[Result "1-0"]
[WhiteElo "2612"]
[BlackElo "2251"]
[PlyCount "48"]
[EventDate "2018.02.27"]
[EventType "swiss"]
[EventRounds "9"]
[EventCountry "IRI"]
[SourceTitle "CBM 183 Extra"]
[Source "ChessBase"]
[SourceDate "2018.04.19"]
[SourceVersion "1"]
[SourceVersionDate "2018.04.19"]
[SourceQuality "1"]

1. c4 c6 2. Nf3 d5 3. e3 Nf6 4. Nc3 e6 5. b3 Nbd7 6. Bb2 Bd6 7. Be2 b6 8. cxd5 exd5 9. Nd4 Bb7 10. Nf5 Bf8 11. g4 h6 12. h4 g6 13. Ng3 Bd6 14. Rg1 Rg8 15. Qc2 Qe7 16. 0-0-0 Ba3 17. f4 Bxb2+ 18. Kxb2 Qd6 19. Bf3 Nc5 20. d4 Ncd7 21. h5 0-0-0 22. hxg6 Rxg6 23. Nf5 Qe6 24. Nxd5 Rh8 1-0

[Event "Hamedan op"]
[Site "Hamedan"]
[Date "2017.08.14"]
[Round "4"]
[White "Ghesmati, Aryan"]
[Black "Khamisi, S Jafar"]
[Result "0-1"]
[WhiteElo "1953"]
[BlackElo "2193"]
[PlyCount "78"]
[EventDate "2017.08.12"]
[EventType "swiss"]
[EventRounds "11"]
[EventCountry "IRI"]
[SourceTitle "CBM 180 Extra"]
[Source "ChessBase"]
[SourceDate "2017.10.06"]
[SourceVersion "1"]
[SourceVersionDate "2017.10.06"]
[SourceQuality "1"]

1. e4 e5 2. Nf3 Nc6 3. Bb5 Nf6 4. d3 Bc5 5. 0-0 d6 6. h3 0-0 7. Nc3 h6 8. Bxc6 bxc6 9. Ne2 Re8 10. Ng3 a5 11. c3 Bb6 12. Re1 c5 13. a4 Be6 14. c4 c6 15. Bd2 Bc7 16. b3 Kh7 17. Qc1 Qd7 18. Nh4 Ng8 19. Nhf5 Reb8 20. Rb1 Qd8 21. Rf1 Qf8 22. f4 g6 23. Nh4 exf4 24. Bxf4 g5 25. Bxg5 hxg5 26. Qxg5 Qh6 27. Qxh6+ Nxh6 28. Ngf5 d5 29. Nxh6 Kxh6 30. Nf5+ Kh7 31. Ne7 dxe4 32. dxe4 Bd6 33. Nf5 Be5 34. Ne7 Ra6 35. g4 Rb7 36. Nf5 Rab6 37. Rf3 Rb4 38. Kg2 Rxc4 39. bxc4 Rxb1 0-1

[Event "IRI-ch"]
[Site "Tehran"]
[Date "2016.01.26"]
[Round "9"]
[White "Gholami, Aryan"]
[Black "Khamisi, S Jafar"]
[Result "1/2-1/2"]
[WhiteElo "2398"]
[BlackElo "2279"]
[PlyCount "59"]
[EventDate "2016.01.20"]
[EventType "tourn"]
[EventRounds "11"]
[EventCountry "IRI"]
[EventCategory "7"]
[SourceTitle "CBM 170 Extra"]
[Source "ChessBase"]
[SourceDate "2016.02.25"]
[SourceVersion "1"]
[SourceVersionDate "2016.02.25"]
[SourceQuality "1"]

1. Nf3 d5 2. g3 Nf6 3. Bg2 c6 4. 0-0 Bf5 5. d3 e6 6. Nbd2 h6 7. b3 Be7 8. Bb2 0-0 9. c4 Nbd7 10. Qc2 a5 11. a3 Re8 12. Rac1 Qb6 13. Qb1 Bf8 14. Qa1 Bh7 15. Ne5 Nxe5 16. Bxe5 Be7 17. Qb2 c5 18. cxd5 exd5 19. e4 dxe4 20. dxe4 a4 21. Bc3 axb3 22. e5 Nd7 23. e6 Nf6 24. exf7+ Kxf7 25. Nc4 Qb5 26. Bxf6 Bxf6 27. Nd6+ Kf8 28. Qxf6+ gxf6 29. Nxb5 b2 30. Rxc5 1/2-1/2

[Event "IRI-ch"]
[Site "Tehran"]
[Date "2016.01.23"]
[Round "6"]
[White "Javanbakht, Nima"]
[Black "Khamisi, S Jafar"]
[Result "1-0"]
[WhiteElo "2422"]
[BlackElo "2279"]
[PlyCount "109"]
[EventDate "2016.01.20"]
[EventType "tourn"]
[EventRounds "11"]
[EventCountry "IRI"]
[EventCategory "7"]
[SourceTitle "CBM 170 Extra"]
[Source "ChessBase"]
[SourceDate "2016.02.25"]
[SourceVersion "1"]
[SourceVersionDate "2016.02.25"]
[SourceQuality "1"]

1. Nf3 d5 2. g3 Nf6 3. Bg2 c6 4. 0-0 Bf5 5. d3 h6 6. Nbd2 e6 7. b3 Be7 8. Bb2 0-0 9. c4 Nbd7 10. Rc1 a5 11. a3 Re8 12. Rc2 Bf8 13. Qa1 Bh7 14. Re1 Qb6 15. h3 Bc5 16. Rf1 Nh5 17. Ne5 Nxe5 18. Bxe5 f6 19. Bf3 fxe5 20. Bxh5 Bd4 21. Qc1 Rf8 22. c5 Qd8 23. Nf3 Qf6 24. e3 Bxc5 25. Rxc5 Bxd3 26. Nh4 Bxf1 27. Qxf1 e4 28. Ng6 Rf7 29. Nf4 Re7 30. Qe1 e5 31. Ng6 Rf7 32. Nxe5 Qxe5 33. Bxf7+ Kxf7 34. Rxa5 Qb8 35. Rxa8 Qxa8 36. Qb4 Ke6 37. a4 Kf7 38. Qb6 Qa6 39. Qc7+ Kf6 40. g4 Kg6 41. Kg2 Qe2 42. Qxb7 Qf3+ 43. Kg1 Qd1+ 44. Kh2 Qc2 45. Kg2 Kh7 46. Qd7 Qxb3 47. Qxc6 Qd1 48. Qd7 Qf3+ 49. Kg1 Qd1+ 50. Kh2 Qd2 51. Qf5+ Kh8 52. Kg2 Qa2 53. Qc8+ Kh7 54. Qd7 Qd2 55. h4 1-0

[Event "IRI-ch"]
[Site "Tehran"]
[Date "2016.01.23"]
[Round "5"]
[White "Khamisi, S Jafar"]
[Black "Mousavi, Seyed Khalil"]
[Result "0-1"]
[WhiteElo "2279"]
[BlackElo "2425"]
[PlyCount "68"]
[EventDate "2016.01.20"]
[EventType "tourn"]
[EventRounds "11"]
[EventCountry "IRI"]
[EventCategory "7"]
[SourceTitle "CBM 170 Extra"]
[Source "ChessBase"]
[SourceDate "2016.02.25"]
[SourceVersion "1"]
[SourceVersionDate "2016.02.25"]
[SourceQuality "1"]

1. e4 e6 2. d4 d5 3. Nd2 c5 4. Ngf3 Nc6 5. exd5 exd5 6. Bb5 Bd6 7. dxc5 Bxc5 8. Nb3 Bd6 9. 0-0 Nge7 10. Re1 0-0 11. Bd3 Re8 12. c3 h6 13. h3 Bc7 14. Bc2 Bf5 15. Be3 Rc8 16. Nbd4 Be4 17. Ba4 a6 18. Nxc6 Nxc6 19. Nd2 Qd6 20. Nf1 b5 21. Bb3 Rcd8 22. f3 Bf5 23. Bf2 Ne5 24. Qd4 Qg6 25. Kh1 Nxf3 26. Rxe8+ Rxe8 27. Qxd5 Be4 28. Qxf7+ Qxf7 29. Bxf7+ Kxf7 30. gxf3 Bxf3+ 31. Kg1 Re2 32. Re1 Rxb2 33. Re3 Bc6 34. Rd3 Rxa2 0-1

[Event "IRI-ch"]
[Site "Tehran"]
[Date "2016.01.21"]
[Round "3"]
[White "Khamisi, S Jafar"]
[Black "Bagheri, Maziar"]
[Result "1-0"]
[WhiteElo "2279"]
[BlackElo "2262"]
[PlyCount "81"]
[EventDate "2016.01.20"]
[EventType "tourn"]
[EventRounds "11"]
[EventCountry "IRI"]
[EventCategory "7"]
[SourceTitle "CBM 170 Extra"]
[Source "ChessBase"]
[SourceDate "2016.02.25"]
[SourceVersion "1"]
[SourceVersionDate "2016.02.25"]
[SourceQuality "1"]

1. e4 e5 2. Nf3 d6 3. d4 exd4 4. Nxd4 g6 5. Nc3 Bg7 6. Be3 Nf6 7. Qd2 h6 8. f3 Nc6 9. Nde2 Ne5 10. b3 Bd7 11. 0-0-0 a5 12. Nd4 a4 13. b4 a3 14. b5 c6 15. f4 Neg4 16. Bg1 Nh5 17. g3 0-0 18. Nb3 c5 19. e5 Be6 20. Qe2 c4 21. Nd4 Bc8 22. exd6 Qxd6 23. Qxc4 Re8 24. Bg2 Qf8 25. Nd5 Rd8 26. Bf3 Bf5 27. Nxf5 gxf5 28. Bc5 Rac8 29. Bxf8 Rxc4 30. Be7 Rd7 31. Bxa3 Kh8 32. Rhe1 Ra4 33. Re8+ Kh7 34. Bxg4 fxg4 35. Bb2 Rxa2 36. Bxg7 Kxg7 37. Kb1 Ra4 38. Rd3 Rc4 39. Re5 Rc5 40. Rxh5 Rxb5+ 41. Kc1 1-0

[Event "IRI-ch sf"]
[Site "Rasht"]
[Date "2015.12.14"]
[Round "2"]
[White "Khamisi, S Jafar"]
[Black "Maghsoodloo, Parham"]
[Result "0-1"]
[WhiteElo "2224"]
[BlackElo "2443"]
[PlyCount "84"]
[EventDate "2015.12.13"]
[EventType "swiss"]
[EventRounds "9"]
[EventCountry "IRI"]
[SourceTitle "EXT 2017"]
[Source "ChessBase"]
[SourceDate "2016.10.25"]
[SourceVersion "1"]
[SourceVersionDate "2016.10.25"]
[SourceQuality "1"]

1. e4 e5 2. Nf3 Nc6 3. Bb5 Nf6 4. d3 Bc5 5. Bxc6 dxc6 6. h3 0-0 7. 0-0 Re8 8. Nbd2 Nd7 9. Nc4 f6 10. Be3 Qe7 11. a3 Nf8 12. b4 Bxe3 13. fxe3 b6 14. Qb1 Be6 15. Ncd2 a5 16. Qb2 Ra7 17. Qc3 Rea8 18. Nb3 Bxb3 19. Qxb3+ Qe6 20. Qc3 Ng6 21. Nd2 Ne7 22. Nc4 Nc8 23. Nd2 Kf7 24. Rae1 axb4 25. axb4 Ra3 26. Nb3 Na7 27. d4 Nb5 28. Qd3 Nd6 29. Qd1 Kg8 30. dxe5 Qxe5 31. Rf4 Qc3 32. Qe2 Nc4 33. Nd4 Nxe3 34. Ne6 Qe5 35. Qf2 Nxg2 36. Qxg2 Qxe6 37. Rg4 g6 38. Rf1 Ra1 39. h4 Rxf1+ 40. Kxf1 f5 41. Rf4 Ra1+ 42. Kf2 Qd6 0-1

[Event "IRI-chT 14th"]
[Site "Tehran"]
[Date "2015.11.11"]
[Round "10.5"]
[White "Mirzoev, Azer"]
[Black "Khamisi, S Jafar"]
[Result "1/2-1/2"]
[WhiteElo "2558"]
[BlackElo "2178"]
[PlyCount "89"]
[EventDate "2015.07.17"]
[EventType "team-tourn"]
[EventRounds "13"]
[EventCountry "IRI"]
[SourceTitle "EXT 2017"]
[Source "ChessBase"]
[SourceDate "2016.10.25"]
[SourceVersion "1"]
[SourceVersionDate "2016.10.25"]
[SourceQuality "1"]
[WhiteTeam "Tabriz Shahrdari"]
[BlackTeam "Shomal Damon Sakht"]
[WhiteTeamCountry "IRI"]
[BlackTeamCountry "IRI"]

1. d4 d5 2. c4 c6 3. Nf3 Nf6 4. Qc2 dxc4 5. Qxc4 Bg4 6. Nbd2 Nbd7 7. g3 e6 8. Bg2 Be7 9. 0-0 0-0 10. h3 Bh5 11. b3 a5 12. a3 Qb6 13. Bb2 Rfd8 14. Rfc1 h6 15. e3 Bg6 16. Qe2 Ne4 17. Qd1 Bf6 18. Nc4 Qc7 19. Qe2 Nd6 20. Nh2 Nxc4 21. bxc4 Be7 22. Ng4 h5 23. Nh2 e5 24. Nf1 Bf6 25. Rd1 exd4 26. Bxd4 Re8 27. Qb2 a4 28. Bxf6 Nxf6 29. Rd4 Bf5 30. c5 Ne4 31. Rc1 Ra5 32. Rdc4 Qe7 33. g4 hxg4 34. hxg4 Bh7 35. Bxe4 Bxe4 36. Ng3 Bd5 37. Rb4 g6 38. Rxb7 Qh4 39. Rb8 Ra8 40. Rxa8 Rxa8 41. Qe5 Qxg4 42. e4 Be6 43. Re1 Rd8 44. Qc3 Rb8 45. Qe5 1/2-1/2

[Event "Avicenna op 12th"]
[Site "Hamedan"]
[Date "2015.09.06"]
[Round "7"]
[White "Khamisi, S Jafar"]
[Black "Asgarizadeh, Ahmad"]
[Result "1-0"]
[WhiteElo "2178"]
[BlackElo "2402"]
[PlyCount "73"]
[EventDate "2015.09.02"]
[EventType "swiss"]
[EventRounds "11"]
[EventCountry "IRI"]
[SourceTitle "EXT 2016"]
[Source "ChessBase"]
[SourceDate "2015.10.08"]
[SourceVersion "1"]
[SourceVersionDate "2015.10.08"]
[SourceQuality "1"]

1. e4 d6 2. d4 g6 3. Nc3 Bg7 4. Nf3 Nf6 5. Be2 0-0 6. 0-0 Bg4 7. Be3 Nc6 8. h3 Bxf3 9. Bxf3 e5 10. d5 Ne7 11. Qd2 Nd7 12. Be2 f5 13. f3 f4 14. Bf2 g5 15. Nd1 h5 16. c4 Nf6 17. Nc3 Qd7 18. Rac1 b6 19. b4 a5 20. a3 Rfb8 21. c5 axb4 22. axb4 bxc5 23. bxc5 Qe8 24. Rb1 Qg6 25. Qd3 Ne8 26. Rxb8 Rxb8 27. Rb1 Ra8 28. Nb5 Bf8 29. c6 Qf6 30. Qc3 Ng6 31. Ra1 Qd8 32. Ra7 Rxa7 33. Bxa7 Be7 34. Qa5 Qc8 35. Bf2 Bf6 36. Qa7 Ne7 37. Be1 1-0

[Event "Fajr op 22nd"]
[Site "Mashhad"]
[Date "2014.01.30"]
[Round "1"]
[White "Khamisi, S Jafar"]
[Black "Toufighi, Homayoon"]
[Result "0-1"]
[WhiteElo "2175"]
[BlackElo "2461"]
[PlyCount "80"]
[EventDate "2014.01.30"]
[EventType "swiss"]
[EventRounds "9"]
[EventCountry "IRI"]
[SourceTitle "EXT 2015"]
[Source "ChessBase"]
[SourceDate "2014.11.20"]
[SourceVersion "1"]
[SourceVersionDate "2014.11.20"]
[SourceQuality "1"]

1. e4 d6 2. d4 Nf6 3. Nc3 Nbd7 4. Nf3 e5 5. Bc4 Be7 6. 0-0 0-0 7. dxe5 dxe5 8. Qe2 c6 9. a4 Rb8 10. Rd1 Qc7 11. h3 Nc5 12. Bg5 Ne6 13. Be3 b6 14. Ba6 Bd7 15. Bc4 Bb4 16. Na2 Bc5 17. Bxc5 Nxc5 18. Nc3 a5 19. Qe3 h6 20. Rd2 Rbe8 21. Rad1 Bc8 22. Rd6 Kh7 23. b3 Rg8 24. Nh4 Rgf8 25. R6d2 Qe7 26. Nf3 Nh5 27. Rd6 Qc7 28. Ne2 f5 29. exf5 Bxf5 30. Nxe5 Ne4 31. Nd7 Nxd6 32. Nxf8+ Rxf8 33. Qe5 Rf6 34. g4 Qd7 35. Qh2 Bxg4 36. hxg4 Qxg4+ 37. Qg2 Rg6 38. Qxg4 Rxg4+ 39. Kf1 Nxc4 40. bxc4 Rxc4 0-1

[Event "Hamadan Iran op 11th"]
[Site "Hamadan"]
[Date "2012.07.16"]
[Round "9"]
[White "Fooladi, Behrooz"]
[Black "Khamisi, S Jafar"]
[Result "0-1"]
[WhiteElo "2010"]
[BlackElo "2148"]
[PlyCount "43"]
[EventDate "2012.07.11"]
[EventType "swiss"]
[EventRounds "11"]
[EventCountry "IRI"]
[SourceTitle "CBM 149 Extra"]
[Source "ChessBase"]
[SourceDate "2012.08.24"]
[SourceVersion "1"]
[SourceVersionDate "2012.08.24"]
[SourceQuality "1"]

1. d4 d5 2. Nf3 Nf6 3. c4 c6 4. cxd5 cxd5 5. Bf4 Nc6 6. Nc3 Bf5 7. e3 e6 8. Qb3 Bb4 9. Bb5 0-0 10. Bxc6 Bxc3+ 11. Qxc3 Ne4 12. Qa3 bxc6 13. 0-0 g5 14. Bg3 f6 15. Rfc1 Qd7 16. Nd2 h5 17. f3 Nxg3 18. hxg3 Qc7 19. f4 h4 20. gxh4 gxh4 21. Nf3 Rae8 22. Rc5 0-1